| 000 | 00371nam a2200145Ia 4500 | ||
|---|---|---|---|
| 008 | 150201s2003 xx 000 0 und d | ||
| 082 |
_a617.692 _bT2003N |
||
| 100 | _aNALLASWAMY, DEEPAK | ||
| 245 | _aTEXTBOOK OF PROSTHODONTICS | ||
| 250 | _a1ST | ||
| 260 |
_bJAYPEE MEDICAL PUBLISHER _aDELHI _c2003 |
||
| 300 | _a1-844 | ||
| 650 | _aPROSTHODONTICS | ||
| 942 |
_2ddc _cBK _076 |
||
| 999 |
_c3198 _d3198 |
||